[Event "POL-chT 2nd League"]
[Site "Jastrzebia Gora"]
[Date "2023.09.08"]
[Round "7.25"]
[White "Niekras, Dawid"]
[Black "Malisauskas, Vidmantas"]
[Result "1-0"]
[WhiteElo "2298"]
[BlackElo "2344"]
[PlyCount "91"]
[EventDate "2023.09.02"]
[EventType "team-swiss"]
[EventRounds "9"]
[EventCountry "POL"]
[SourceTitle "EXT 2024"]
[Source "ChessBase"]
[SourceDate "2023.10.10"]
[SourceVersion "1"]
[SourceVersionDate "2023.10.10"]
[SourceQuality "1"]
[WhiteTeam "Lipno Steszew"]
[BlackTeam "Lipusz WDA"]
[WhiteTeamCountry "POL"]
[BlackTeamCountry "POL"]

1. e4 c6 2. d4 d5 3. e5 Bf5 4. Nf3 e6 5. Be2 Nd7 6. 0-0 Bg6 7. Nbd2 Nh6 8. Nb3 Nf5 9. Bd2 a6 10. Rc1 Be7 11. g4 Nh4 12. Nxh4 Bxh4 13. f4 f5 14. exf6 Bxf6 15. g5 Be7 16. Bg4 Bf5 17. Re1 0-0 18. Rxe6 Bxe6 19. Bxe6+ Kh8 20. Qg4 Nb6 21. f5 Nc4 22. Bf4 Bd6 23. Rf1 b6 24. Qh5 g6 25. fxg6 Qe7 26. Bf7 Rxf7 27. gxf7 Bxf4 28. Rxf4 Qe3+ 29. Rf2 Rf8 30. Qf3 Qxf3 31. Rxf3 Nxb2 32. Rf6 Nc4 33. Nc1 Kg7 34. Nd3 Rxf7 35. Rxc6 a5 36. h4 Re7 37. Nf4 Re4 38. Rc7+ Kf8 39. Nxd5 Rg4+ 40. Kf2 Rxd4 41. Nf6 Ne5 42. Kg3 Nf7 43. Nxh7+ Kg7 44. h5 Kxh7 45. Rxf7+ Kg8 46. Rc7 1-0

[Event "Panevezys op"]
[Site "Panevezys"]
[Date "2023.08.20"]
[Round "6"]
[White "Malisauskas, Vidmantas"]
[Black "Stremavicius, Pijus"]
[Result "1/2-1/2"]
[WhiteElo "2346"]
[BlackElo "2378"]
[PlyCount "83"]
[EventDate "2023.08.18"]
[EventType "swiss"]
[EventRounds "7"]
[EventCountry "LTU"]
[SourceTitle "EXT 2024"]
[Source "ChessBase"]
[SourceDate "2023.10.10"]
[SourceVersion "1"]
[SourceVersionDate "2023.10.10"]
[SourceQuality "1"]

1. d4 f5 2. g3 Nf6 3. Bg2 g6 4. c3 Bg7 5. Qb3 Nc6 6. Nf3 d6 7. d5 Na5 8. Qa4+ c6 9. dxc6 Nxc6 10. Nd4 Bd7 11. Nxc6 Qc7 12. Qa5 b6 13. Qa6 Bxc6 14. Qc4 d5 15. Qb3 e5 16. f4 e4 17. Na3 Nd7 18. Be3 Nc5 19. Qd1 Rd8 20. Bd4 0-0 21. Nc2 Ne6 22. Bxg7 Qxg7 23. Nd4 Nxd4 24. Qxd4 Qxd4 25. cxd4 Bb5 26. e3 Rc8 27. Kd2 Kf7 28. Bf1 Bxf1 29. Rhxf1 h6 30. Rac1 Ke6 31. h4 Kd6 32. Rxc8 Rxc8 33. Rg1 g5 34. hxg5 hxg5 35. Rh1 gxf4 36. Rh6+ Kd7 37. gxf4 Rg8 38. Rh7+ Kc6 39. Rxa7 Rg2+ 40. Kc1 Rg1+ 41. Kc2 Rg2+ 42. Kc1 1/2-1/2

[Event "Panevezys op"]
[Site "Panevezys"]
[Date "2023.08.18"]
[Round "1"]
[White "Beniosev, Daniel"]
[Black "Malisauskas, Vidmantas"]
[Result "0-1"]
[WhiteElo "1501"]
[BlackElo "2346"]
[PlyCount "90"]
[EventDate "2023.08.18"]
[EventType "swiss"]
[EventRounds "7"]
[EventCountry "LTU"]
[SourceTitle "EXT 2024"]
[Source "ChessBase"]
[SourceDate "2023.10.10"]
[SourceVersion "1"]
[SourceVersionDate "2023.10.10"]
[SourceQuality "1"]

1. e4 c5 2. Nc3 g6 3. g3 Bg7 4. Bg2 Nc6 5. d3 d6 6. Be3 e5 7. Qd2 Nge7 8. Bh6 0-0 9. h4 f6 10. Bxg7 Kxg7 11. h5 g5 12. h6+ Kh8 13. Nge2 Nd4 14. 0-0-0 Bg4 15. Nxd4 cxd4 16. Ne2 Rg8 17. Rdg1 Rc8 18. f4 gxf4 19. gxf4 Bxe2 20. Qxe2 Ng6 21. fxe5 Nf4 22. Qd2 dxe5 23. Bf3 Qd7 24. Qd1 Qf7 25. Kb1 Rxg1 26. Rxg1 Rg8 27. c3 Rxg1 28. Qxg1 Qg6 29. Qh2 dxc3 30. bxc3 Qg5 31. Kc2 Kg8 32. Qf2 b6 33. d4 Qxh6 34. d5 Qh3 35. c4 Kf7 36. a4 Qc8 37. Kb3 Qc5 38. Qxc5 bxc5 39. a5 h5 40. Kc3 Ke7 41. Kd2 Kd6 42. Ke3 h4 43. Kf2 Nh3+ 44. Kg2 Ng5 45. Kf2 Kc7 0-1

[Event "Vilnius Elite op"]
[Site "Vilnius"]
[Date "2023.07.07"]
[Round "4"]
[White "Malisauskas, Vidmantas"]
[Black "Gimenez Menchon, Cesar"]
[Result "1-0"]
[WhiteElo "2347"]
[BlackElo "2171"]
[PlyCount "95"]
[EventDate "2023.07.05"]
[EventType "swiss"]
[EventRounds "8"]
[EventCountry "LTU"]
[SourceTitle "CBM 215 Extra"]
[Source "ChessBase"]
[SourceDate "2023.09.30"]
[SourceVersion "1"]
[SourceVersionDate "2023.09.30"]
[SourceQuality "1"]

1. e4 d6 2. c4 Nf6 3. Nc3 c5 4. Nge2 g6 5. d4 cxd4 6. Nxd4 Bg7 7. Be2 0-0 8. 0-0 Nc6 9. Be3 Bd7 10. Qd2 Ne5 11. f3 Rc8 12. b3 a6 13. Rac1 Nc6 14. Nxc6 Bxc6 15. b4 Bd7 16. a4 Be6 17. Nd5 Nxd5 18. exd5 Bf5 19. a5 h5 20. Rfd1 Re8 21. Bb6 Qd7 22. c5 dxc5 23. bxc5 Be5 24. Qb4 Bc7 25. c6 bxc6 26. dxc6 Qe6 27. Bxa6 Rb8 28. Bb7 Bd6 29. Rxd6 exd6 30. a6 Qd5 31. Bf2 Bc8 32. Qd4 Qg5 33. f4 Qa5 34. Ra1 Qf5 35. h3 Be6 36. a7 Ra8 37. Bxa8 Rxa8 38. Qxd6 Bd5 39. Re1 Rc8 40. c7 Ba8 41. Qd8+ Kh7 42. Re8 Qb1+ 43. Kh2 Qb2 44. Qxc8 Qxf2 45. Rh8+ Kg7 46. Qf8+ Kf6 47. Qd6+ Kg7 48. Rxa8 1-0

[Event "LTU-ch Rapid"]
[Site "Taujenai"]
[Date "2022.12.04"]
[Round "9"]
[White "Malisauskas, Vidmantas"]
[Black "Vardanyan, Aras"]
[Result "1/2-1/2"]
[WhiteElo "2264"]
[BlackElo "2268"]
[PlyCount "69"]
[EventDate "2022.12.03"]
[EventType "swiss (rapid)"]
[EventRounds "10"]
[EventCountry "LTU"]
[SourceTitle "CBM 211 Extra"]
[Source "ChessBase"]
[SourceDate "2023.01.31"]
[SourceVersion "1"]
[SourceVersionDate "2023.01.31"]
[SourceQuality "1"]

1. Nf3 d5 2. d4 Nf6 3. c4 e6 4. Nc3 a6 5. cxd5 exd5 6. Bg5 Be6 7. e3 Nbd7 8. Bd3 Bd6 9. Qc2 c6 10. Bh4 h6 11. Bg3 Bxg3 12. hxg3 Rc8 13. b4 Qe7 14. Rb1 0-0 15. 0-0 Rfe8 16. a4 Bg4 17. Nd2 h5 18. Rfe1 Qd6 19. a5 Nf8 20. Bf5 Rc7 21. Bxg4 Nxg4 22. Nf3 Rce7 23. Re2 Qf6 24. Rbe1 Ne6 25. Qd2 Ng5 26. Nxg5 Qxg5 27. f3 Nf6 28. Kf2 g6 29. Qd3 Kg7 30. Rh1 Nh7 31. e4 dxe4 32. Nxe4 Qf5 33. Rhe1 Nf6 34. Nc5 Ng4+ 35. Kf1 1/2-1/2

[Event "LTU-ch Rapid"]
[Site "Taujenai"]
[Date "2022.12.03"]
[Round "4"]
[White "Laurusas, Tomas"]
[Black "Malisauskas, Vidmantas"]
[Result "1-0"]
[WhiteElo "2491"]
[BlackElo "2264"]
[PlyCount "61"]
[EventDate "2022.12.03"]
[EventType "swiss (rapid)"]
[EventRounds "10"]
[EventCountry "LTU"]
[SourceTitle "CBM 211 Extra"]
[Source "ChessBase"]
[SourceDate "2023.01.31"]
[SourceVersion "1"]
[SourceVersionDate "2023.01.31"]
[SourceQuality "1"]

1. d4 Nf6 2. Nf3 g6 3. Bg5 Bg7 4. Nbd2 d5 5. e3 0-0 6. Be2 h6 7. Bh4 c6 8. c4 Be6 9. 0-0 Nbd7 10. Rc1 Rc8 11. Qb3 Qb6 12. Qa3 c5 13. dxc5 Nxc5 14. Nd4 Rfe8 15. b4 Nce4 16. c5 Qc7 17. Nxe4 Nxe4 18. Nb5 Qe5 19. Qxa7 Qb2 20. Bd3 Qxb4 21. Nd4 Nxc5 22. a3 Qa4 23. Qxa4 Nxa4 24. Nxe6 fxe6 25. Bxg6 Rxc1 26. Rxc1 Ra8 27. Rc7 Bf8 28. g3 Nb6 29. Bxe7 Nc4 30. Bf6 Bxa3 31. Rh7 1-0

[Event "Panevezys op-A"]
[Site "Panevezys"]
[Date "2022.06.27"]
[Round "5"]
[White "Malisauskas, Vidmantas"]
[Black "Simkunaite, Gabija"]
[Result "1-0"]
[WhiteElo "2372"]
[BlackElo "2010"]
[PlyCount "89"]
[EventDate "2022.06.25"]
[EventType "swiss"]
[EventRounds "9"]
[EventCountry "LTU"]
[SourceTitle "CBM 209 Extra"]
[Source "ChessBase"]
[SourceDate "2022.09.30"]
[SourceVersion "1"]
[SourceVersionDate "2022.09.30"]
[SourceQuality "1"]

1. Nf3 d5 2. g3 Nf6 3. Bg2 Nc6 4. d4 Bf5 5. 0-0 e6 6. c4 Be7 7. Nc3 0-0 8. Ne5 Nxe5 9. dxe5 Ne4 10. cxd5 Nxc3 11. bxc3 exd5 12. Qxd5 c6 13. Qxd8 Rfxd8 14. Be3 Ba3 15. Rad1 Bc2 16. Rxd8+ Rxd8 17. Bxa7 Ra8 18. Bd4 Bb2 19. e3 Rxa2 20. c4 Bxd4 21. exd4 Ra4 22. d5 Rxc4 23. dxc6 bxc6 24. Rc1 Bb3 25. Rb1 Rc3 26. Bxc6 Rxc6 27. Rxb3 Kf8 28. Kg2 Ke7 29. f4 Rc2+ 30. Kh3 Rc7 31. Kg4 f6 32. Rb6 fxe5 33. fxe5 Ra7 34. h4 Kf7 35. h5 Ra4+ 36. Kf5 Ra7 37. g4 h6 38. Rd6 Ra4 39. Rd7+ Kf8 40. Ke6 Ra6+ 41. Rd6 Ra8 42. Rb6 Re8+ 43. Kf5 Re7 44. Rb8+ Kf7 45. Rd8 1-0

[Event "Baltija Cup 18th"]
[Site "Palanga"]
[Date "2022.06.23"]
[Round "7"]
[White "Vardanyan, Aras"]
[Black "Malisauskas, Vidmantas"]
[Result "0-1"]
[WhiteElo "2282"]
[BlackElo "2372"]
[PlyCount "90"]
[EventDate "2022.06.20"]
[EventType "swiss"]
[EventRounds "7"]
[EventCountry "LTU"]
[SourceTitle "CBM 209 Extra"]
[Source "ChessBase"]
[SourceDate "2022.09.30"]
[SourceVersion "1"]
[SourceVersionDate "2022.09.30"]
[SourceQuality "1"]

1. e4 c6 2. Nc3 d5 3. Nf3 dxe4 4. Nxe4 Nd7 5. Bc4 Ngf6 6. Qe2 Nxe4 7. Qxe4 Nf6 8. Ne5 e6 9. Qe2 Qd4 10. c3 Qe4 11. Qxe4 Nxe4 12. d4 Bd6 13. Be3 Nf6 14. h4 Nd5 15. Bd2 f6 16. Nd3 Kf7 17. a4 a5 18. 0-0 b6 19. Rfe1 Ba6 20. b3 Rhe8 21. h5 g6 22. hxg6+ hxg6 23. g3 g5 24. Bxa6 Rxa6 25. Kg2 Raa8 26. Rh1 Kg6 27. g4 Rh8 28. Rae1 Rxh1 29. Rxh1 c5 30. dxc5 bxc5 31. c4 Nf4+ 32. Bxf4 gxf4 33. Kf3 Rb8 34. Rb1 Kg5 35. Rb2 Rh8 36. Rd2 Rh3+ 37. Kg2 Kxg4 38. Ne1 Be5 39. f3+ Kh4 40. Rd8 Rg3+ 41. Kf1 Rg7 42. Nd3 Kg3 43. Ke2 Bd4 44. Ra8 e5 45. Rxa5 e4 0-1

[Event "Bialystok Zamenhof Memorial 41st"]
[Site "Bialystok"]
[Date "2022.??.??"]
[Round "6"]
[White "Baum, Jonasz"]
[Black "Malisauskas, Vidmantas"]
[Result "1-0"]
[WhiteElo "2420"]
[BlackElo "2364"]
[PlyCount "53"]
[EventDate "2022.12.27"]
[EventType "swiss"]
[EventRounds "9"]
[EventCountry "POL"]
[SourceTitle "CBM 211 Extra"]
[Source "ChessBase"]
[SourceDate "2023.01.31"]
[SourceVersion "1"]
[SourceVersionDate "2023.01.31"]
[SourceQuality "1"]

1. d4 Nf6 2. c4 g6 3. Nc3 Bg7 4. e4 0-0 5. f3 c5 6. d5 e6 7. Nge2 exd5 8. cxd5 d6 9. Ng3 Bd7 10. a4 Na6 11. Be2 h5 12. 0-0 h4 13. Nh1 Nh5 14. Be3 Qb6 15. Qd2 Bd4 16. Nf2 Nb4 17. Bxd4 cxd4 18. Nb5 Bxb5 19. axb5 a5 20. bxa6 bxa6 21. Bd3 Rfc8 22. f4 Nf6 23. f5 Kg7 24. fxg6 Re8 25. gxf7 Re5 26. Qf4 Rf8 27. Ng4 1-0

[Event "Bialystok Zamenhof Memorial 41st"]
[Site "Bialystok"]
[Date "2022.??.??"]
[Round "3"]
[White "Malisauskas, Vidmantas"]
[Black "Krzyzanowski, Marcin"]
[Result "0-1"]
[WhiteElo "2364"]
[BlackElo "2538"]
[PlyCount "68"]
[EventDate "2022.12.27"]
[EventType "swiss"]
[EventRounds "9"]
[EventCountry "POL"]
[SourceTitle "CBM 211 Extra"]
[Source "ChessBase"]
[SourceDate "2023.01.31"]
[SourceVersion "1"]
[SourceVersionDate "2023.01.31"]
[SourceQuality "1"]

1. Nf3 d5 2. g3 Nf6 3. Bg2 e6 4. 0-0 Be7 5. c4 d4 6. e3 c5 7. exd4 cxd4 8. d3 0-0 9. Re1 Nc6 10. Na3 Re8 11. Nc2 a5 12. a3 Bf8 13. Rb1 a4 14. Bg5 h6 15. Bxf6 Qxf6 16. b4 axb3 17. Rxb3 Ra7 18. Qa1 Rd8 19. Qb2 g6 20. Rb5 Bg7 21. Nd2 Qe7 22. Nb4 Qc7 23. Rb1 Ne5 24. Ne4 f5 25. Nc5 b6 26. Nxe6 Bxe6 27. Nd5 Bxd5 28. Bxd5+ Kh7 29. Rxb6 Nxd3 30. Qe2 Ne5 31. Rb7 Rxb7 32. Rxb7 Qd6 33. Qb2 d3 34. Kg2 d2 0-1

[Event "Puhajarve Rapid op 21st"]
[Site "Puhajarve"]
[Date "2021.11.27"]
[Round "28"]
[White "Malisauskas, Vidmantas"]
[Black "Kais, Kaarel"]
[Result "1-0"]
[WhiteElo "2385"]
[BlackElo "1501"]
[PlyCount "89"]
[EventDate "2021.11.26"]
[EventType "tourn (rapid)"]
[EventRounds "37"]
[EventCountry "EST"]
[SourceTitle "CBM 205 Extra"]
[Source "ChessBase"]
[SourceDate "2022.01.31"]
[SourceVersion "1"]
[SourceVersionDate "2022.01.31"]
[SourceQuality "1"]

1. e4 c5 2. Nf3 Nc6 3. d4 cxd4 4. Nxd4 Nf6 5. Nc3 a6 6. Nxc6 bxc6 7. e5 Ng8 8. Qf3 d5 9. exd6 Qxd6 10. Bc4 Be6 11. Bxe6 Qxe6+ 12. Be3 Nf6 13. 0-0 Nd5 14. Bd4 Nxc3 15. Bxc3 Qd5 16. Qe3 e6 17. Rfd1 Qc5 18. Qg3 f6 19. Qc7 Be7 20. Qb7 Rd8 21. Rxd8+ Kxd8 22. Rd1+ Ke8 23. Qc8+ Kf7 24. Qxh8 Qh5 25. Re1 Bf8 26. g3 Qf5 27. Rd1 Qxc2 28. Rd7+ Be7 29. Qd8 Qb1+ 30. Kg2 Qe4+ 31. Kf1 Qh1+ 32. Ke2 Qe4+ 33. Kd2 Kg6 34. Qxe7 Kf5 35. Qxg7 e5 36. Qxh7+ Ke6 37. Re7+ Kd6 38. Qxe4 Kxe7 39. Bb4+ Ke6 40. g4 a5 41. Qxc6+ Kf7 42. Qd7+ Kg6 43. Bf8 Kg5 44. Qf5+ Kh4 45. Be7 1-0

[Event "Puhajarve Rapid op 21st"]
[Site "Puhajarve"]
[Date "2021.11.27"]
[Round "13"]
[White "Pultinevicius, Paulius"]
[Black "Malisauskas, Vidmantas"]
[Result "1-0"]
[WhiteElo "2546"]
[BlackElo "2385"]
[PlyCount "111"]
[EventDate "2021.11.26"]
[EventType "tourn (rapid)"]
[EventRounds "37"]
[EventCountry "EST"]
[SourceTitle "CBM 205 Extra"]
[Source "ChessBase"]
[SourceDate "2022.01.31"]
[SourceVersion "1"]
[SourceVersionDate "2022.01.31"]
[SourceQuality "1"]

1. d4 d5 2. Nf3 Nf6 3. c4 c6 4. Qc2 g6 5. Bf4 Bg7 6. e3 Bf5 7. Qb3 Qb6 8. c5 Qxb3 9. axb3 Nbd7 10. h3 a6 11. Nbd2 Ne4 12. b4 Nxd2 13. Kxd2 0-0 14. Bd3 Bxd3 15. Kxd3 Rfe8 16. Nd2 e5 17. Bh2 exd4 18. exd4 Nf8 19. Nb3 Rad8 20. Rhe1 Rxe1 21. Rxe1 Ne6 22. Bd6 Rd7 23. g3 Bf8 24. Bb8 h5 25. f4 Rd8 26. Be5 Be7 27. g4 hxg4 28. hxg4 f6 29. Bd6 Bxd6 30. Rxe6 Bxf4 31. Rxf6 g5 32. Na5 Rd7 33. Re6 Kf7 34. Re2 Kf6 35. Re8 Rh7 36. Ra8 Rh3+ 37. Kc2 Rg3 38. Nxb7 Rxg4 39. Rxa6 Rg2+ 40. Kb1 g4 41. b5 g3 42. bxc6 Bc7 43. Ra8 Re2 44. Rg8 g2 45. Ka2 Kf5 46. Nd6+ Kf4 47. Nb5 Ba5 48. c7 Bxc7 49. Nxc7 Kf3 50. Nxd5 Re1 51. c6 g1Q 52. Rxg1 Rxg1 53. c7 Rg8 54. Ne7 Ra8+ 55. Kb3 Ke4 56. c8Q 1-0

[Event "LTU-ch"]
[Site "Vilnius"]
[Date "2021.10.25"]
[Round "5"]
[White "Juksta, Karolis"]
[Black "Malisauskas, Vidmantas"]
[Result "1/2-1/2"]
[WhiteElo "2397"]
[BlackElo "2392"]
[PlyCount "78"]
[EventDate "2021.10.22"]
[EventType "tourn"]
[EventRounds "9"]
[EventCountry "LTU"]
[EventCategory "4"]
[SourceTitle "CBM 204 Extra"]
[Source "ChessBase"]
[SourceDate "2021.11.30"]
[SourceVersion "1"]
[SourceVersionDate "2021.11.30"]
[SourceQuality "1"]

1. d4 Nf6 2. c4 g6 3. Nc3 d5 4. cxd5 Nxd5 5. e4 Nxc3 6. bxc3 Bg7 7. Nf3 c5 8. Be3 Qa5 9. Qd2 0-0 10. Rc1 cxd4 11. cxd4 Qxd2+ 12. Nxd2 e6 13. Nb3 Nc6 14. Be2 Rd8 15. Rc4 Bd7 16. 0-0 b5 17. Rcc1 a6 18. Rfd1 Be8 19. Bf3 a5 20. e5 Rdc8 21. Nc5 Rab8 22. Ne4 Nb4 23. Rxc8 Rxc8 24. Nd6 Rb8 25. Bd2 Bf8 26. a3 Nd5 27. Bxa5 Ra8 28. Bb4 Bc6 29. Bxd5 Bxd5 30. Nxb5 Bxb4 31. axb4 Rb8 32. Nc3 Rxb4 33. Nxd5 exd5 34. g4 g5 35. Kg2 Kg7 36. Kg3 Kg6 37. h4 Rb3+ 38. f3 gxh4+ 39. Kf4 h6 1/2-1/2

[Event "LTU-ch"]
[Site "Vilnius"]
[Date "2021.10.24"]
[Round "4"]
[White "Malisauskas, Vidmantas"]
[Black "Stremavicius, Pijus"]
[Result "1-0"]
[WhiteElo "2392"]
[BlackElo "2209"]
[PlyCount "83"]
[EventDate "2021.10.22"]
[EventType "tourn"]
[EventRounds "9"]
[EventCountry "LTU"]
[EventCategory "4"]
[SourceTitle "CBM 204 Extra"]
[Source "ChessBase"]
[SourceDate "2021.11.30"]
[SourceVersion "1"]
[SourceVersionDate "2021.11.30"]
[SourceQuality "1"]

1. d4 Nf6 2. c4 e6 3. Nf3 b6 4. g3 Bb4+ 5. Bd2 Be7 6. Bg2 Bb7 7. Nc3 c6 8. e4 d5 9. e5 Ne4 10. cxd5 cxd5 11. 0-0 0-0 12. h4 Ba6 13. Re1 Nxd2 14. Qxd2 Nc6 15. Bf1 Bxf1 16. Kxf1 Rc8 17. Rac1 a6 18. Kg2 b5 19. Qd3 Na5 20. Rc2 Rc6 21. Rec1 Qd7 22. Ne2 Rfc8 23. Ng5 g6 24. b3 Rxc2 25. Rxc2 Rxc2 26. Qxc2 Nc6 27. Qd2 Qc7 28. h5 Nb4 29. Qf4 Bd8 30. hxg6 hxg6 31. Qh4 Bxg5 32. Qxg5 Qc2 33. Qd8+ Kh7 34. Qe7 Qxe2 35. Qxf7+ Kh6 36. Qf8+ Kh7 37. Qxb4 Qe4+ 38. Kh2 Kh6 39. Qf8+ Kh5 40. Qh8+ Kg5 41. Qf6+ Kg4 42. f3+ 1-0